000 00773nam a2200217Ii 4500
003 JO-AjNU
008 230605s9999||||xx |||||||||||||| ||und||
017 _a1992/1262
040 _aJO-AjNU
_bara
_erda
_cJO-AjNU
041 _aara
050 1 4 _aLC191.S55 1992
100 3 _aالشيباني،عمر محمد التومي,
_eauthor
_916948
245 0 0 _aالتربية وقضايا التنمية والتحديث في المجتمع العربي
250 _aط1
264 3 1 _aليبيا:الهيئة القومية للبحث العلمي،1992
300 _a446ص
336 _atext
_btxt
_2rdacontent
337 _aunmediated
_bn
_2rdamedia
338 _avolume
_bnc
_2rdacarrier
650 4 _aالتعليم-المجتمع العربي-تنمية-قضايا
_916949
999 _aA5134
_c8702
_d8702